UBT Library

Manaxhimi / (Record no. 498)

000 -LEADER
fixed length control field 00508nam a22001937a 4500
008 - FIXED-LENGTH DATA ELEMENTS--GENERAL INFORMATION
fixed length control field 140624b xxu||||| |||| 00| 0 alb d
020 ## - INTERNATIONAL STANDARD BOOK NUMBER
International Standard Book Number 9789995634582
041 0# - LANGUAGE CODE
Language code of text/sound track or separate title alb
080 ## - UNIVERSAL DECIMAL CLASSIFICATION NUMBER
Universal Decimal Classification number 658
Common auxiliary subdivision (075.8)
100 ## - Rafti
Rafti Llaci, Shyqri
245 10 - TITLE STATEMENT
Title Manaxhimi /
Statement of responsibility, etc Shyqri Llaci.
260 ## -
-- Tiranë :
-- "albPAPER";
-- 2010.
300 ## -
-- 528 f.:
-- me il.;
-- 23 cm.
500 ## -
-- Parathënie : f. 5-6
505 ## -
-- Literatura kryesore: f. 527-528
650 #0 -
-- Menaxhimi
650 #0 -
-- Organizimi
942 ## - ADDED ENTRY ELEMENTS (KOHA)
Source of classification or shelving scheme
Item type Books
Holdings
Withdrawn status Lost status Source of classification or shelving scheme Damaged status Not for loan Collection code Permanent location Current location Shelving location Date acquired Total Checkouts Full call number Barcode Date last seen Date last borrowed Koha item type
          Koleksioni i përgjithshem UBT - Prishtine UBT - Prishtine Koleksioni i përgjithshem 06/24/2014 1 658 (075.8) LLAC 001-000580 06/25/2014 06/25/2014 Books
UBT Library © 2015-2024. All rights reserved University Education for Business and Technology